[Event "Penang op 10th"]
[Site "Penang"]
[Date "2018.12.07"]
[Round "7"]
[White "Kow, Weiliang Bryan"]
[Black "Koelbl, Wolfgang"]
[Result "0-1"]
[WhiteElo "1397"]
[BlackElo "1785"]
[PlyCount "91"]
[EventDate "2018.12.03"]
[EventType "swiss"]
[EventRounds "9"]
[EventCountry "MAS"]
[SourceTitle "CBM 187 Extra"]
[Source "ChessBase"]
[SourceDate "2018.11.04"]
[SourceVersion "1"]
[SourceVersionDate "2018.11.04"]
[SourceQuality "1"]

1. e4 d6 2. d4 Nf6 3. Nc3 Nbd7 4. Bc4 e5 5. Nf3 Be7 6. Bxf7+ Kxf7 7. Ng5+ Kg8 8. Ne6 Qe8 9. Nxc7 Qg6 10. 0-0 Rb8 11. N7d5 Nxd5 12. Nxd5 Bf8 13. Re1 h6 14. dxe5 Nxe5 15. f4 Bg4 16. Qd2 Nc6 17. f5 Qe8 18. Qf4 Bh5 19. Rf1 Qe5 20. Qh4 Bf7 21. Nc3 Be7 22. Qf2 Kh7 23. Bf4 Qf6 24. Rad1 Rbd8 25. Rfe1 a6 26. Qb6 Rb8 27. Nd5 Bxd5 28. Rxd5 Ne5 29. Qd4 Nc6 30. Qxf6 Bxf6 31. Rxd6 Bxb2 32. e5 Rhd8 33. Red1 Rxd6 34. exd6 Rd8 35. Be3 Rd7 36. c4 Be5 37. c5 b6 38. cxb6 Rxd6 39. Rc1 Bd4 40. Kf2 Bxe3+ 41. Kxe3 Na5 42. Rc5 Nb7 43. Rc7 Rxb6 44. f6 Kg8 45. Rxg7+ Kf8 46. Kf4 0-1